Fluid dynamics of multiphase systems
Uloženo v:
| Hlavní autor: | |
|---|---|
| Médium: | Kniha |
| Jazyk: | angličtina |
| Vydáno: |
Waltham
Blaisdell
1967
|
| Témata: | |
| Tagy: |
Přidat tag
Žádné tagy, Buďte první, kdo vytvoří štítek k tomuto záznamu!
|
MARC
| LEADER | 00000nam a2200000 a 4500 | ||
|---|---|---|---|
| 001 | UCL2664 | ||
| 003 | CL-VaPUC | ||
| 008 | 031031e19670000US |||||||||||||||||eng|d | ||
| 082 | 0 | 4 | |a 532.5 |b SOO |2 21 |
| 100 | 0 | |a Soo, S. L |e author |9 479790 | |
| 245 | 1 | 0 | |a Fluid dynamics of multiphase systems |
| 300 | |a 524 p | ||
| 942 | |c BK | ||
| 945 | |d 20031031 00:00:00 |a cmena | ||
| 260 | |a Waltham |b Blaisdell |c 1967 | ||
| 650 | 0 | |a Dinámica de fluidos |9 260582 | |
| 650 | 0 | |a Propiedades físicas |9 342981 | |
| 583 | |a last modification |c 20031031 00:00:00 |k Rodrigo Vera | ||
| 999 | |c 305916 |d 305914 | ||
| 952 | |0 0 |1 0 |4 0 |6 532_500000000000000_SOO_1967 |7 0 |8 A |9 370474 |a BIBCUR |b BIBCUR |d 2019-11-21 |i 2084643 |o 532.5 SOO 1967 |p 2084643 |r 2025-04-22 |w 2019-11-21 |y BK |k FIS | ||